Informačná bezpečnosť v podnikaní

Informačné technológie ako neoddeliteľná súčasť nášho každodenného života. Hrozby ktoré vyplývajú zo samotnej podstaty informačných technológií. Využívanie internetu, ako sprostredkovateľského média medzi informačnými systémami. Informačná a technická bezpečnosť.

Guardado en:
Detalles Bibliográficos
Autor principal: Hlavatý, Ivan, 1978-
Formato: Capítulo de libro
Lenguaje:eslovaco
Materias:
Etiquetas: Agregar Etiqueta
Sin Etiquetas, Sea el primero en etiquetar este registro!

MARC

LEADER 00000nla$a2200000$$$4500
001 0121803
005 20240502072359.7
041 0 |a slo 
044 |a SK 
245 1 0 |a Informačná bezpečnosť v podnikaní  |c Ivan Hlavatý 
520 |a Informačné technológie ako neoddeliteľná súčasť nášho každodenného života. Hrozby ktoré vyplývajú zo samotnej podstaty informačných technológií. Využívanie internetu, ako sprostredkovateľského média medzi informačnými systémami. Informačná a technická bezpečnosť. 
610 2 0 |a podnikanie 
610 2 0 |a firmy 
610 2 0 |a obchod 
610 2 0 |a technológie informačné 
610 2 0 |a technológie komunikačné 
610 2 0 |a siete počítačové 
610 2 0 |a internet 
610 2 0 |a distribúcia informácií 
610 2 0 |a systémy počítačové 
610 2 0 |a bezpečnosť informačná 
100 1 |a Hlavatý, Ivan, 1978-